| 000 | 00646nam a2200181Ia 4500 | ||
|---|---|---|---|
| 999 |
_c55184 _d55184 |
||
| 003 | GCL | ||
| 005 | 20240530105341.0 | ||
| 008 | 140319s9999 xx 000 0 ara d | ||
| 040 |
_aGCL / _cGCL |
||
| 082 | 0 | 4 |
_a759.962 _bهـ م |
| 110 | 1 | _aالهيئة العامة للاستعلامات | |
| 245 | 1 | 0 |
_aمحمد صبرى / _cالهيئة العامة للاستعلامات |
| 260 |
_a[S.N] : _bالهيئة العامة للاستعلامات ، _c1986 |
||
| 490 |
_aوصف مصر المعاصر من خلال الفنون التشكيلية _v0 |
||
| 650 | 0 | 4 | _aالفنون |
| 650 | 0 | 4 | _aالفنون التشكيلية |
| 942 |
_2ddc _cBK |
||